| 000 | 00563nam a2200217Ia 4500 | ||
|---|---|---|---|
| 003 | OSt | ||
| 005 | 20230502113736.0 | ||
| 008 | 210423s2002 xx 000 0 und d | ||
| 020 | _a81764817398 | ||
| 040 | _cAL | ||
| 041 | _aeng | ||
| 082 | _a615.19 PATG | ||
| 100 |
_aPATRICK (Graham). _995894 |
||
| 245 | _aInstant notes medicinal chemistry. | ||
| 260 |
_aNew Delhi _bViva Books Pvt Ltd _c2002 |
||
| 300 |
_avi,278 _bPB |
||
| 365 |
_b195 _cINR |
||
| 650 |
_aPharmacology _995895 |
||
| 906 | _achemistry. ; Instant ; medicinal ; notes | ||
| 942 |
_2ddc _cBK |
||
| 999 |
_c162961 _d162961 |
||